[Event "Aragon-chT Preferente Gr I"]
[Site "Aragon"]
[Date "2022.01.29"]
[Round "1.47"]
[White "Planas Torrea, Francisco Javier"]
[Black "Flores Samperiz, Jorge"]
[Result "1-0"]
[WhiteElo "2076"]
[BlackElo "1939"]
[PlyCount "83"]
[EventDate "2022.01.29"]
[EventType "team-tourn"]
[EventRounds "9"]
[EventCountry "ESP"]
[SourceTitle "EXT 2024"]
[Source "ChessBase"]
[SourceDate "2023.10.10"]
[SourceVersion "1"]
[SourceVersionDate "2023.10.10"]
[SourceQuality "1"]
[WhiteTeam "Ejea"]
[BlackTeam "Helios II"]
[WhiteTeamCountry "ESP"]
[BlackTeamCountry "ESP"]

1. e4 d6 2. d4 Nf6 3. Nd2 g6 4. g3 Bg7 5. Bg2 0-0 6. Ngf3 c6 7. 0-0 Nbd7 8. c3 Qc7 9. Re1 e5 10. dxe5 Nxe5 11. Nxe5 dxe5 12. Qc2 Rd8 13. Nf1 Be6 14. Bg5 h6 15. Be3 Rd7 16. Red1 Rad8 17. Rxd7 Nxd7 18. Rd1 Nb6 19. b3 Nc8 20. c4 b6 21. c5 b5 22. a4 a6 23. axb5 cxb5 24. Rxd8+ Qxd8 25. b4 Ne7 26. Qd2 Qxd2 27. Bxd2 Nc6 28. Ne3 Bf8 29. Bf1 a5 30. bxa5 Bxc5 31. Nd5 Bxd5 32. exd5 Nd4 33. Kg2 b4 34. a6 b3 35. Bd3 f5 36. d6 Kf7 37. d7 Nc6 38. Bb5 Nd8 39. Be3 Bxe3 40. fxe3 e4 41. a7 b2 42. Bc4+ 1-0

[Event "Aragon-chT Preferente"]
[Site "Aragon"]
[Date "2021.05.01"]
[Round "6.35"]
[White "Antonano Fedz Quincoces, Avelino"]
[Black "Flores Samperiz, Jorge"]
[Result "1/2-1/2"]
[WhiteElo "2044"]
[BlackElo "1939"]
[PlyCount "73"]
[EventDate "2021.03.13"]
[EventType "team-tourn"]
[EventRounds "9"]
[EventCountry "ESP"]
[SourceTitle "EXT 2024"]
[Source "ChessBase"]
[SourceDate "2023.10.10"]
[SourceVersion "1"]
[SourceVersionDate "2023.10.10"]
[SourceQuality "1"]
[WhiteTeam "Casablanca MyInvestor II"]
[BlackTeam "Helios II"]
[WhiteTeamCountry "ESP"]
[BlackTeamCountry "ESP"]

1. e4 c5 2. Nf3 Nc6 3. d4 cxd4 4. Nxd4 Nf6 5. Nc3 e5 6. Ndb5 d6 7. Bg5 a6 8. Na3 b5 9. Bxf6 gxf6 10. Nd5 Bg7 11. c3 Be6 12. g3 0-0 13. Nc2 Ne7 14. Nce3 Nxd5 15. Nxd5 f5 16. exf5 Bxf5 17. Bg2 Rb8 18. 0-0 Be6 19. Qd2 a5 20. Rad1 f5 21. f4 e4 22. g4 fxg4 23. Bxe4 Qh4 24. Qf2 Qxf2+ 25. Rxf2 Kh8 26. f5 Bxd5 27. Bxd5 Be5 28. Be6 h5 29. f6 Bxf6 30. Rxd6 Bg5 31. Rf5 Rxf5 32. Bxf5 Rd8 33. Rxd8+ Bxd8 34. Bd7 b4 35. Be8 h4 36. Kg2 Bc7 37. Bd7 1/2-1/2

[Event "Aragon-chT Preferente"]
[Site "Aragon"]
[Date "2021.03.13"]
[Round "1.45"]
[White "Carruez Berges, Santiago"]
[Black "Flores Samperiz, Jorge"]
[Result "1/2-1/2"]
[WhiteElo "1998"]
[BlackElo "1939"]
[PlyCount "66"]
[EventDate "2021.03.13"]
[EventType "team-tourn"]
[EventRounds "9"]
[EventCountry "ESP"]
[SourceTitle "EXT 2024"]
[Source "ChessBase"]
[SourceDate "2023.10.10"]
[SourceVersion "1"]
[SourceVersionDate "2023.10.10"]
[SourceQuality "1"]
[WhiteTeam "Agrupacion II"]
[BlackTeam "Helios II"]
[WhiteTeamCountry "ESP"]
[BlackTeamCountry "ESP"]

1. e4 c5 2. d4 cxd4 3. c3 dxc3 4. Nxc3 Nc6 5. Nf3 d6 6. Bc4 e6 7. 0-0 Be7 8. Qe2 Nf6 9. Rd1 Bd7 10. Nb5 0-0 11. Nxd6 Bxd6 12. Rxd6 Qc7 13. Rd1 Ne5 14. Nxe5 Qxe5 15. f4 Qc7 16. e5 Nd5 17. Bxd5 exd5 18. Rxd5 Be6 19. Rd1 Rfd8 20. Be3 a6 21. Rdc1 Qd7 22. h3 Qd3 23. Kf2 Qe4 24. Qf3 Qxf3+ 25. Kxf3 Rac8 26. b3 Bd5+ 27. Kf2 Rxc1 28. Rxc1 Bc6 29. g4 h6 30. f5 Rd5 31. Bf4 Rd3 32. Be3 Rd5 33. Bf4 Rd3 1/2-1/2

[Event "Aragon-chT Preferente Gr-II"]
[Site "Aragon"]
[Date "2020.02.15"]
[Round "4.63"]
[White "Flores Samperiz, Jorge"]
[Black "Muro Turon, Raul"]
[Result "1-0"]
[WhiteElo "1976"]
[BlackElo "1843"]
[PlyCount "73"]
[EventDate "2020.01.25"]
[EventType "team-tourn"]
[EventRounds "9"]
[EventCountry "ESP"]
[SourceTitle "EXT 2022"]
[Source "ChessBase"]
[SourceDate "2021.10.06"]
[SourceVersion "1"]
[SourceVersionDate "2021.10.06"]
[SourceQuality "1"]
[WhiteTeam "Helios II"]
[BlackTeam "Tauste"]
[WhiteTeamCountry "ESP"]
[BlackTeamCountry "ESP"]

1. d4 Nf6 2. c4 e6 3. Nf3 b6 4. Nc3 Bb4 5. Bd2 Bb7 6. e3 0-0 7. Bd3 d5 8. cxd5 exd5 9. 0-0 Ba6 10. Bxa6 Nxa6 11. Qa4 Bxc3 12. Bxc3 Nb8 13. Ne5 Nfd7 14. Rac1 Re8 15. Rc2 Nxe5 16. dxe5 Nd7 17. Qf4 Rc8 18. Qg3 Nc5 19. f3 a5 20. Bd4 Ne6 21. f4 c5 22. f5 cxd4 23. fxe6 Rxe6 24. Rxc8 Qxc8 25. exd4 Qc6 26. Qf4 Qc7 27. h4 h6 28. Rf3 b5 29. h5 b4 30. Rg3 Qe7 31. a3 f6 32. Qxh6 fxe5 33. Rxg7+ Qxg7 34. Qxe6+ Kh7 35. Qxe5 Qf7 36. axb4 axb4 37. g4 1-0

[Event "Aragon-chT Honor Gr-B"]
[Site "Aragon"]
[Date "2019.02.02"]
[Round "2.16"]
[White "Flores Samperiz, Jorge"]
[Black "Fabre Perez, Jose Maria"]
[Result "1-0"]
[WhiteElo "1936"]
[BlackElo "1994"]
[PlyCount "81"]
[EventDate "2019.01.26"]
[EventType "team-tourn"]
[EventRounds "7"]
[EventCountry "ESP"]
[SourceTitle "EXT 2020"]
[Source "ChessBase"]
[SourceDate "2019.10.17"]
[SourceVersion "1"]
[SourceVersionDate "2019.10.17"]
[SourceQuality "1"]
[WhiteTeam "Helios"]
[BlackTeam "Delicias"]
[WhiteTeamCountry "ESP"]
[BlackTeamCountry "ESP"]

1. d4 Nf6 2. c4 g6 3. Nc3 Bg7 4. e4 d6 5. f3 0-0 6. Be3 c5 7. d5 a6 8. Qd2 Nbd7 9. Be2 b5 10. cxb5 Nb6 11. Rb1 Nfd7 12. a4 Ne5 13. b3 axb5 14. Bxb5 f5 15. Nge2 fxe4 16. f4 Ng4 17. h3 Nxe3 18. Qxe3 Bb7 19. Qxe4 e5 20. 0-0 exf4 21. Rxf4 Rxf4 22. Qxf4 Qe7 23. Qe4 Be5 24. Rf1 Bc8 25. Bc6 Bf5 26. Qf3 Rb8 27. a5 Nc8 28. g4 Bc2 29. Nb5 Na7 30. Nec3 Nxc6 31. dxc6 Bxb3 32. c7 Rc8 33. Nd5 Bxd5 34. Qxd5+ Kg7 35. a6 Bg3 36. Qf3 Be5 37. a7 d5 38. Qxd5 Bd4+ 39. Nxd4 Qe3+ 40. Kg2 Qd2+ 41. Rf2 1-0

[Event "Aragon-chT Preferente A"]
[Site "Aragon"]
[Date "2014.02.15"]
[Round "4.45"]
[White "Flores Samperiz, Jorge"]
[Black "Felez Casedas, Carlos"]
[Result "1-0"]
[WhiteElo "1973"]
[BlackElo "2019"]
[PlyCount "77"]
[EventDate "2014.01.25"]
[EventType "team-tourn"]
[EventRounds "9"]
[EventCountry "ESP"]
[SourceTitle "EXT 2015"]
[Source "ChessBase"]
[SourceDate "2014.11.20"]
[SourceVersion "1"]
[SourceVersionDate "2014.11.20"]
[SourceQuality "1"]
[WhiteTeam "Helios II"]
[BlackTeam "La Aurora Estadilla II"]
[WhiteTeamCountry "ESP"]
[BlackTeamCountry "ESP"]

1. d4 e6 2. c4 Nf6 3. Nc3 d5 4. Nf3 Be7 5. e3 0-0 6. c5 b6 7. b4 a5 8. bxa5 bxc5 9. Bd2 cxd4 10. exd4 Bb4 11. Bd3 Ba6 12. Bxa6 Rxa6 13. Ne5 Bxa5 14. Qe2 Qd6 15. 0-0 Bxc3 16. Bxc3 Nbd7 17. Nxd7 Nxd7 18. Bb4 c5 19. dxc5 Qc6 20. Rac1 Raa8 21. Rc3 d4 22. Rh3 Rfe8 23. a3 e5 24. Qd3 g6 25. Rc1 Qd5 26. Qd2 h5 27. Qg5 Kh7 28. g4 f6 29. Qd2 Nf8 30. gxh5 g5 31. f3 e4 32. fxe4 Rxe4 33. Qd3 Kh6 34. Qf3 f5 35. c6 g4 36. Qb3 Qe5 37. Qf7 gxh3 38. Bxf8+ Rxf8 39. Qg6# 1-0

[Event "Aragon-chT Preferente A"]
[Site "Aragon"]
[Date "2013.03.02"]
[Round "6.39"]
[White "Abad Vinas, Jesus Manuel"]
[Black "Flores Samperiz, Jorge"]
[Result "0-1"]
[WhiteElo "1872"]
[BlackElo "1994"]
[PlyCount "70"]
[EventDate "2013.01.26"]
[EventType "team"]
[EventRounds "9"]
[EventCountry "ESP"]
[SourceTitle "EXT 2014"]
[Source "ChessBase"]
[SourceDate "2013.11.20"]
[SourceVersion "1"]
[SourceVersionDate "2013.11.20"]
[SourceQuality "1"]
[WhiteTeam "Ramiro III"]
[BlackTeam "Helios II"]
[WhiteTeamCountry "ESP"]
[BlackTeamCountry "ESP"]

1. e4 e5 2. Nf3 Nf6 3. Nc3 Nc6 4. Bc4 Bc5 5. d3 h6 6. 0-0 d6 7. Be3 Bb6 8. Qe2 Bg4 9. h3 Bh5 10. a4 0-0 11. Kh1 Ne7 12. g4 Bg6 13. Nh4 c6 14. Rg1 d5 15. exd5 cxd5 16. Bxb6 axb6 17. Bb3 d4 18. Nb5 e4 19. dxe4 Bxe4+ 20. f3 d3 21. cxd3 Bxd3 22. Qg2 Ned5 23. g5 Nf4 24. Qg4 Nxg4 25. Rxg4 hxg5 26. Rag1 Nxh3 27. R1g2 Bf1 28. Rh2 gxh4 29. Nd4 Qf6 30. Bc2 Rac8 31. Nf5 Rxc2 32. Rxg7+ Qxg7 33. Nxg7 Rxh2+ 34. Kxh2 Kxg7 35. b4 Rd8 0-1

[Event "Aragon-chT"]
[Site "Spain"]
[Date "2004.03.06"]
[Round "6"]
[White "Loscos Vilafranca, Jose Miguel"]
[Black "Flores Samperiz, Jorge"]
[Result "1-0"]
[WhiteElo "2099"]
[BlackElo "1887"]
[PlyCount "109"]
[EventDate "2004.01.??"]
[EventType "team"]
[EventRounds "11"]
[EventCountry "ESP"]
[SourceTitle "EXT 2006"]
[Source "ChessBase"]
[SourceDate "2005.11.24"]
[SourceVersion "1"]
[SourceVersionDate "2005.11.24"]
[SourceQuality "1"]

1. e4 e5 2. f4 d6 3. Nf3 Nc6 4. Bc4 Be7 5. 0-0 exf4 6. d4 Nf6 7. Bxf4 0-0 8. Qe2 Bg4 9. c3 Nh5 10. Be3 Nf6 11. Bd3 d5 12. e5 Ne4 13. Nbd2 f5 14. exf6 Nxf6 15. Qf2 Bd6 16. Bg5 Qd7 17. Qh4 h6 18. Bxh6 gxh6 19. Ne5 Bxe5 20. dxe5 Nh5 21. h3 Nf4 22. Bc2 Ne2+ 23. Kh2 Nxe5 24. Qxh6 Be6 25. Qe3 Qd6 26. g3 Bxh3 27. Qg5+ Ng6 28. Bxg6 Nxg3 29. Kxh3 Nxf1 30. Bd3+ Kf7 31. Rxf1+ Ke8 32. Bf5 Qe7 33. Bg6+ Kd7 34. Qxd5+ Qd6 35. Rf7+ Rxf7 36. Qxf7+ Qe7 37. Bf5+ Kd8 38. Qd5+ Ke8 39. Ne4 Kf8 40. Ng3 c6 41. Qf3 Qf7 42. Qf4 Rd8 43. Ne4 Qh5+ 44. Kg3 Rd3+ 45. Kg2 Ke7 46. Qc7+ Kf8 47. Qb8+ Kg7 48. Qxb7+ Kf8 49. Qb8+ Kg7 50. Qxa7+ Kf8 51. Qc5+ Kg7 52. Qe5+ Kf8 53. Qf6+ Kg8 54. Be6+ Kh7 55. Ng5+ 1-0

[Event "Aragon-chT"]
[Site "Spain"]
[Date "2004.02.14"]
[Round "3"]
[White "Flores Samperiz, Jorge"]
[Black "Querol Soro, Sergio"]
[Result "1-0"]
[WhiteElo "1887"]
[BlackElo "1999"]
[PlyCount "49"]
[EventDate "2004.01.??"]
[EventType "team"]
[EventRounds "11"]
[EventCountry "ESP"]
[SourceTitle "EXT 2006"]
[Source "ChessBase"]
[SourceDate "2005.11.24"]
[SourceVersion "1"]
[SourceVersionDate "2005.11.24"]
[SourceQuality "1"]

1. d4 Nf6 2. c4 g6 3. Nc3 d5 4. Bg5 Ne4 5. Bh4 Nxc3 6. bxc3 Bg7 7. e3 0-0 8. cxd5 Qxd5 9. Bxe7 Re8 10. Bh4 c5 11. Qf3 Qd6 12. Bc4 Be6 13. Bxe6 Qxe6 14. Ne2 cxd4 15. cxd4 Qa6 16. 0-0 Nd7 17. Nc3 Rac8 18. Nd5 Rc2 19. Rfc1 Rxa2 20. Rxa2 Qxa2 21. Ne7+ Kf8 22. Qxb7 Qa3 23. Qc7 Rxe7 24. Qd8+ Re8 25. Qxe8+ 1-0

[Event "Aragon-chT"]
[Site "Aragon"]
[Date "2003.03.15"]
[Round "8"]
[White "Bustamante Montini, Richard"]
[Black "Flores Samperiz, Jorge"]
[Result "1-0"]
[WhiteElo "2213"]
[BlackElo "2018"]
[PlyCount "79"]
[EventDate "2003.02.??"]
[EventType "team"]
[EventRounds "9"]
[EventCountry "ESP"]
[SourceTitle "EXT 2004"]
[Source "ChessBase"]
[SourceDate "2003.11.25"]
[SourceVersion "1"]
[SourceVersionDate "2003.11.25"]
[SourceQuality "1"]

1. Nf3 g6 2. d4 Nf6 3. c4 Bg7 4. Nc3 0-0 5. e4 d6 6. Be2 Nbd7 7. 0-0 e5 8. Be3 Ng4 9. Bg5 f6 10. Bd2 Nh6 11. d5 a5 12. a3 Nf7 13. b4 axb4 14. axb4 Rxa1 15. Qxa1 f5 16. Qa3 f4 17. c5 g5 18. c6 bxc6 19. dxc6 Nb6 20. h3 g4 21. hxg4 Bxg4 22. Nh2 Bxe2 23. Nxe2 Ng5 24. Qd3 Qf6 25. Nc3 Qg6 26. f3 Kh8 27. Qe2 Ne6 28. b5 Nd4 29. Qf2 Bf6 30. Rb1 Rg8 31. Ng4 Bd8 32. Bxf4 Nxf3+ 33. Qxf3 exf4 34. Nh2 Nc4 35. Nd5 Ne5 36. Qe2 Rf8 37. Rf1 Qg3 38. Nf3 Nxf3+ 39. Qxf3 Qxf3 40. Rxf3 1-0

[Event "Aragon-chT"]
[Site "Aragon"]
[Date "2003.03.01"]
[Round "6"]
[White "Flores Samperiz, Jorge"]
[Black "Cortes Lizano, Jesus"]
[Result "0-1"]
[WhiteElo "2018"]
[BlackElo "2081"]
[PlyCount "60"]
[EventDate "2003.02.??"]
[EventType "team"]
[EventRounds "9"]
[EventCountry "ESP"]
[SourceTitle "EXT 2004"]
[Source "ChessBase"]
[SourceDate "2003.11.25"]
[SourceVersion "1"]
[SourceVersionDate "2003.11.25"]
[SourceQuality "1"]

1. d4 d5 2. c4 e6 3. Nc3 c6 4. Nf3 Nf6 5. e3 Nbd7 6. Bd3 dxc4 7. Bxc4 b5 8. Bd3 b4 9. Ne2 Be7 10. 0-0 c5 11. Ng3 Bb7 12. Qe2 cxd4 13. Nxd4 0-0 14. Rd1 Qb6 15. Nf3 Rac8 16. e4 Nc5 17. Be3 Qa5 18. Bxc5 Rxc5 19. e5 Bxf3 20. Qxf3 Rxe5 21. Ne4 Nxe4 22. Bxe4 Rc5 23. Rd7 Bf6 24. Qb3 Rc7 25. Rad1 Rxd7 26. Rxd7 Rd8 27. Qd3 b3 28. Rxd8+ Bxd8 29. Qd1 bxa2 30. Qa1 Bf6 0-1

[Event "Aragon-ch Absoluto"]
[Site "Zaragoza"]
[Date "2001.10.21"]
[Round "2"]
[White "Flores Samperiz, Jorge"]
[Black "Pellicer Cemeli, Jose Luis"]
[Result "1/2-1/2"]
[WhiteElo "1898"]
[BlackElo "2118"]
[PlyCount "49"]
[EventDate "2001.10.20"]
[EventType "swiss"]
[EventRounds "9"]
[EventCountry "ESP"]
[SourceTitle "EXT 2003"]
[Source "ChessBase"]
[SourceDate "2002.11.25"]
[SourceVersion "1"]
[SourceVersionDate "2002.11.25"]
[SourceQuality "1"]

1. d4 e6 2. c4 Nf6 3. Nc3 Bb4 4. e3 d5 5. Nf3 0-0 6. Bd3 c5 7. Bd2 cxd4 8. Nxd4 e5 9. Nc2 Ba5 10. 0-0 e4 11. Be2 dxc4 12. Bxc4 Nc6 13. a3 Qd6 14. Bc1 Qc5 15. Be2 Bxc3 16. bxc3 Qxc3 17. Qd2 Qc5 18. Bb2 Rd8 19. Qc3 Qg5 20. Kh1 Bg4 21. Qc4 Ne5 22. Bxe5 Qxe5 23. Qb5 Rd5 24. Qxb7 Rb8 25. Qa6 1/2-1/2

[Event "Aragon-ch Absoluto"]
[Site "Zaragoza"]
[Date "2001.??.??"]
[Round "7"]
[White "Flores Samperiz, Jorge"]
[Black "Veras Sanz, Marino"]
[Result "0-1"]
[WhiteElo "1898"]
[BlackElo "2199"]
[PlyCount "60"]
[EventDate "2001.10.20"]
[EventType "swiss"]
[EventRounds "9"]
[EventCountry "ESP"]
[SourceTitle "EXT 2003"]
[Source "ChessBase"]
[SourceDate "2002.11.25"]
[SourceVersion "1"]
[SourceVersionDate "2002.11.25"]
[SourceQuality "1"]

1. d4 Nf6 2. c4 g6 3. Nc3 Bg7 4. e4 d6 5. f3 0-0 6. Be3 Nbd7 7. Qd2 c5 8. d5 Ne5 9. Bd3 e6 10. Nge2 exd5 11. cxd5 a6 12. a4 Bd7 13. a5 b5 14. axb6 Qxb6 15. 0-0 Qb7 16. Rfb1 Rfb8 17. Bf4 Nxd3 18. Qxd3 Ne8 19. Qd2 Qb4 20. Nc1 Qd4+ 21. Be3 Qxd2 22. Bxd2 Nc7 23. Bf4 Rb6 24. Nd3 Bd4+ 25. Kf1 Rab8 26. Na4 Bxa4 27. Rxa4 Nb5 28. e5 Nc3 29. exd6 Nxa4 30. Re1 Rd8 0-1